000 00311nam a2200109Ia 4500
008 171211s9999 xx 000 0 und d
245 _aHistorical Dictionary of Tennis
245 _cJohn Grasso
260 _c2011
650 _xEncyclopedia and Dictionary
856 _uhttp://down.ebook777.com/057/0810872374.pdf
999 _c350172
_d350172